| 000 | 02123cam a2200397Ii 4500 | ||
|---|---|---|---|
| 001 | 53809116 | ||
| 003 | OCoLC | ||
| 005 | 20181015180239.0 | ||
| 008 | 031201s2003 nyua j 000 1 spa d | ||
| 020 |
_a0439545641(pbk.) _c$5.99 |
||
| 020 | _a9780439545648 (pbk) | ||
| 040 |
_aLPU _cLPU _dOCLCQ _dSAP _dOCLCQ _dMVP |
||
| 041 | 1 |
_aspa _heng |
|
| 100 | 1 |
_aMuth, Jon J. _0http://id.loc.gov/authorities/names/n85247637. |
|
| 240 | 1 | 0 |
_aThree questions. _lSpanish. |
| 245 | 1 | 4 |
_aLas tres preguntas / _cbasado en un cuento de Leon Tolstoi ; escrito e ilustrado por Jon J Muth ; [translated by Susana Pasternac]. |
| 260 |
_aNew York : _bScholastic, _cc2003. |
||
| 264 | 1 |
_aNew York : _bScholastic, _c[2003] |
|
| 264 | 4 | _c℗♭2003. | |
| 300 |
_a1 v. (unpaged) : _bcol. ill. ; _c23 x 28 cm. |
||
| 336 |
_atext _btxt _2rdacontent. |
||
| 337 |
_aunmediated _bn _2rdamedia. |
||
| 338 |
_avolume _bnc _2rdacarrier. |
||
| 500 | _aTranslation of: Three questions. | ||
| 520 | _aEn este libro ilustrado para ni©łos, Nikolai pregunta a sus amigos los animales las siguientes 3 preguntas: Cu©Łl es el mejor momento para hacer las cosas?, Qui©♭n es el ser m©Łs importante?, y, Qu©♭ es lo que debemos hacer? | ||
| 520 | _aNikolai asks his animal friends to help him answer three important questions: "When is the best time to do things?" "Who is the most important?" and "What is the right thing to do?" | ||
| 526 | 0 |
_aAccelerated Reader AR _bLG _c3.8 _d0.5 _z58903. |
|
| 650 | 1 |
_aConduct of life _0http://id.loc.gov/authorities/childrensSubjects/sj96005146 _vFiction. _0http://id.loc.gov/authorities/childrensSubjects/sh99001562. |
|
| 650 | 1 |
_aAnimals _0http://id.loc.gov/authorities/childrensSubjects/sj96004766 _vFiction. _0http://id.loc.gov/authorities/childrensSubjects/sh99001562. |
|
| 650 | 7 |
_aConducta (Etica) _vNovela. _2bidex. |
|
| 650 | 7 |
_aAnimales _vNovela. _2bidex. |
|
| 655 | 7 |
_aSpanish language materials. _2lcgft. |
|
| 655 | 7 |
_aFiction. _2lcgft _0http://id.loc.gov/authorities/genreForms/gf2014026339. |
|
| 700 | 1 |
_aTolstoy, Leo, _cgraf, _d1828-1910. _0http://id.loc.gov/authorities/names/n79068416. |
|
| 942 | _cBK | ||
| 999 |
_c21379 _d21379 |
||